|
|
|
|
| LEADER |
00577cam a2200157 7i4500 |
| 001 |
0000016178 |
| 005 |
20051003090000.0 |
| 090 |
0 |
0 |
|a M 332.6
|b MAL
|
| 110 |
1 |
0 |
|a Malaysia Industry Development Authority (MIDA)
|
| 245 |
0 |
0 |
|a Malaysia :
|b Investment in the manufacturing sector :
|b Investment in the manufacturing sector :
|b policies, incentives and facilities.
|
| 260 |
0 |
0 |
|a Kuala Lumpur:
|b MIDA,
|c 2005.
|
| 300 |
# |
# |
|a 129 p.
|
| 650 |
0 |
0 |
|a Manufacturing --
|z Malaysia
|
| 650 |
0 |
0 |
|a Investment --
|z Malaysia
|
| 651 |
0 |
0 |
|a Malaysia
|
| 999 |
|
|
|a 0000017575
|b Book
|c Malaysia
|e Business Information Centre
|